| 000 | 01015nam a22002897a 4500 | ||
|---|---|---|---|
| 001 | 4547 | ||
| 003 | FISKH | ||
| 005 | 20240916085315.0 | ||
| 008 | 240916b cb ||||| |||| 00| 0 eng d | ||
| 020 | _a9780439916325 | ||
| 040 |
_aFISKH _beng _cFISKH _dFISKH |
||
| 050 | _aPZ7.M992 | ||
| 082 | _2813.54 | ||
| 100 |
_aMyers, Dean Walter _d(1937–2014) |
||
| 245 |
_aThe cruisers checkmate / _cWaler Dean Myers |
||
| 250 | _aFirst paperback printing in 2012 | ||
| 260 |
_aNew York : _bScholastic, _c2011. |
||
| 300 |
_a133 pages : _c20cm |
||
| 505 | _aR | ||
| 520 | _aFour middle-schoolers who publish an alternative newspaper at their Harlem academy for gifted students investigate why a classmate--one of the best chess players in New York City--was caught trying to buy drugs. | ||
| 521 | 8 |
_a730L
_bLexile |
|
| 521 | 8 |
_aR
_bRaz-Plus |
|
| 650 |
_2Realistic fiction _aSeries _vAfrican Americans |
||
| 650 |
_2Middle school _aBlack boys to men _vBoys of Color |
||
| 942 |
_2ddc _cBK _n0 |
||
| 999 |
_c4547 _d4547 |
||